[Event "ch-Kyiv Men"]
[Site "Kyiv UKR"]
[Date "2008.01.25"]
[Round "5"]
[White "Pavlov,S2"]
[Black "Ianov,V"]
[Result "1-0"]
[WhiteElo "2418"]
[BlackElo "2363"]

1.e4 g6 2.d4 Bg7 3.Nc3 d6 4.f4 a6 5.Nf3 b5 6.Bd3 Nd7 7.Be3 c5 8.e5 Bb7 9.Be4 Bxe4
10.Nxe4 Nh6 11.dxc5 Ng4 12.Qe2 dxe5 13.O-O-O Qc7 14.fxe5 Ndxe5 15.Bd4 O-O
16.h3 Nxf3 17.Bxg7 Qf4+ 18.Kb1 Kxg7 19.hxg4 Ng5 20.Nc3 Ra7 21.c6 h6 22.Nd5 Qd6
23.Qe3 Rfa8 24.Qc3+ e5 25.Nb6 Qe7 26.Nxa8 b4 27.Qc4 Rxa8 28.Rd7  1-0

[Event "IMB2"]
[Site "Marianske Lazne CZE"]
[Date "2008.01.25"]
[Round "9"]
[White "Nilsson,S"]
[Black "Biolek,R2"]
[Result "1/2-1/2"]
[WhiteElo "2201"]
[BlackElo "2422"]

1.e4 g6 2.d4 Bg7 3.Nc3 d6 4.f4 d5 5.e5 h5 6.Nf3 Nh6 7.Be3 Bf5 8.Qd2 Nc6 9.O-O-O Nb4
10.Ne1 a5 11.h3 c6 12.Rg1 b5 13.Be2 Qd7 14.Bf3 f6 15.Bf2 Be6 16.Qe2  1/2-1/2

[Event "ch-Reykjavik"]
[Site "Reykjavik ISL"]
[Date "2008.01.25"]
[Round "9"]
[White "Oskarsson,A"]
[Black "Sigurjonsson,Si"]
[Result "1-0"]
[WhiteElo "1868"]
[BlackElo "1912"]

1.e4 g6 2.d4 Bg7 3.Nc3 d6 4.f4 a6 5.Nf3 Bg4 6.Be2 Nc6 7.Be3 e5 8.dxe5 Bxf3
9.Bxf3 dxe5 10.Qxd8+ Rxd8 11.Nd5 Rd7 12.O-O-O Nf6 13.Nxf6+ Bxf6 14.Rxd7 Kxd7
15.Bg4+ Ke8 16.Rd1 exf4 17.Bxf4 Ne5 18.Bh3 Ke7 19.Rd5 c6 20.Rxe5+ Bxe5 21.Bxe5 f6
22.Bd4 h5 23.Bc5+ Kf7 24.Kd2 Re8 25.Kd3 Rd8+ 26.Kc3 Rd1 27.Bc8 Rh1 28.Bd6 Re1
29.Bxb7 Ke6 30.Bg3 Rxe4 31.Bxc6 Rg4 32.Bb7 f5 33.Bxa6 h4 34.Bb8 Rxg2 35.a4 g5
36.Bb7 Rg1 37.a5 f4 38.a6 g4 39.Bxf4  1-0

[Event "6th Gibtelecom Masters"]
[Site "Gibraltar ENG"]
[Date "2008.01.29"]
[Round "8"]
[White "Makka,I"]
[Black "Fairbairn,S"]
[Result "1-0"]
[WhiteElo "2186"]
[BlackElo "2086"]

1.e4 d6 2.d4 g6 3.Nc3 Bg7 4.Be3 a6 5.f4 b5 6.Bd3 Nd7 7.Nf3 Bb7 8.e5 e6 9.a4 b4
10.Ne4 Bxe4 11.Bxe4 d5 12.Bd3 a5 13.O-O Ne7 14.Bf2 Qc8 15.Kh1 h5 16.Qe2 Nf5
17.Nh4 Nxh4 18.Bxh4 Nb6 19.b3 Qd7 20.Rac1 Kf8 21.c3 bxc3 22.Rxc3 c6 23.Rfc1 Bh6
24.g3 Rb8 25.Ba6 Rg8 26.Rxc6 Nc4 27.Bb5 Qb7 28.bxc4 dxc4 29.Rxc4 g5 30.Qxh5 gxh4
31.Qxh6+  1-0

[Event "6th Gibtelecom Masters"]
[Site "Gibraltar ENG"]
[Date "2008.01.29"]
[Round "8"]
[White "Marks,I"]
[Black "Svendsen,Pet"]
[Result "0-1"]
[WhiteElo "1919"]
[BlackElo "2011"]

1.d4 g6 2.e4 d6 3.Nc3 Bg7 4.f4 Nf6 5.Nf3 O-O 6.Bd3 Nc6 7.O-O e5 8.fxe5 dxe5
9.d5 Ne7 10.Qe1 c6 11.dxc6 Nxc6 12.Qh4 Nb4 13.Nxe5 Qd4+ 14.Kh1 Qxe5 15.Bg5 Ng4
16.Be7 Nxd3 17.Bxf8 Ndf2+ 18.Rxf2 Nxf2+ 19.Qxf2 Bxf8 20.Rf1 Be6  0-1

[Event "FINEC GMB"]
[Site "St Petersburg RUS"]
[Date "2008.01.31"]
[Round "8"]
[White "Goganov,A"]
[Black "Levin,Ev"]
[Result "1/2-1/2"]
[WhiteElo "2358"]
[BlackElo "2440"]

1.e4 g6 2.d4 Bg7 3.Nc3 d6 4.f4 a6 5.Nf3 b5 6.Bd3 Bb7 7.O-O Nd7 8.a4 b4 9.Nb1 c5
10.d5 Ngf6 11.Nbd2 O-O 12.Nc4 a5 13.Kh1 Nb6 14.Nxb6 Qxb6 15.Qe2 Ba6 16.c4 bxc3
17.bxc3 Bxd3 18.Qxd3 Qa6 19.Qxa6 Rxa6 20.Nd2 Nd7 21.Rf3 Nb6 22.Ra3 f5 23.exf5 Nxd5
24.fxg6 hxg6 25.g3 Rb6 26.Rd3 e6 27.Kg2 Nf6 28.c4 d5 29.Ra2 Rb4 30.Rc2 Rxa4
31.cxd5 Nxd5 32.Rxc5 Raxf4 33.Rxa5 Rf2+ 34.Kh3 Bh6 35.Nb3 Bxc1 36.Nxc1 Rc2
37.Nb3 Rff2 38.Nd4 Rxh2+ 39.Kg4 Rcf2 40.Nxe6 Nf6+ 41.Kg5 Ne4+ 42.Kg4 Nf6+
43.Kg5 Nh7+ 44.Kg4 Nf6+ 45.Kg5 Ne4+ 46.Kg4 Nf6+  1/2-1/2

[Event "FINEC GMA"]
[Site "St Petersburg RUS"]
[Date "2008.02.01"]
[Round "9"]
[White "Sjugirov,S"]
[Black "Mihajlovskij,S"]
[Result "1-0"]
[WhiteElo "2491"]
[BlackElo "2466"]

1.e4 g6 2.d4 Bg7 3.Nc3 d6 4.f4 Nf6 5.a3 O-O 6.Nf3 Na6 7.e5 Nh5 8.Be3 c5 9.dxc5 Nxc5
10.Qd2 Bf5 11.Rg1 Rc8 12.g4 Ne4 13.Nxe4 Bxe4 14.Ng5 Rxc2 15.Qd1 Rxb2 16.Nxe4 Nxf4
17.Bxf4 Qa5+ 18.Nd2 Bxe5 19.Bxe5 Qxe5+ 20.Be2 d5 21.Rc1 Qxh2 22.Nf3 Qf4 23.Rc3 Qf6
24.Qc1 Qb6 25.Qe3 Qd6 26.Kf2 e5 27.Rh1 f6 28.Qc5 Qd7 29.Qc7 Rd8 30.g5 d4
31.Qxd7 Rxd7 32.Rd3 Kg7 33.gxf6+ Kxf6 34.Nd2 Rc7 35.Kg3 Rcc2 36.Ne4+ Kf5
37.Bf3 h5 38.Nd6+ Ke6 39.Nxb7 Rc3 40.Rxc3 dxc3 41.Rc1 c2 42.Nc5+ Kd6 43.Nd3 Ra2
44.Be4 g5 45.Kf3 a5 46.a4 g4+ 47.Ke3 h4 48.Bf5 g3 49.Bh3 Kd5 50.Kd2 e4 51.Nf4+ Ke5
52.Ng6+ Kf6 53.Nxh4 Rxa4 54.Ng2 Rd4+ 55.Ke2 Rc4 56.Ne3 Rc5 57.Rxc2 Rxc2+
58.Nxc2 Ke5 59.Kd2 a4 60.Bg2 Kd5 61.Kc3 Ke5 62.Kc4 Kf4 63.Kd4  1-0

[Event "TCh-FIN 2007-8"]
[Site "Finland FIN"]
[Date "2008.02.09"]
[Round "6"]
[White "Paakkonen,T"]
[Black "Lehtinen,H"]
[Result "0-1"]
[WhiteElo "2260"]
[BlackElo "2359"]

1.e4 g6 2.d4 Bg7 3.Nc3 d6 4.Be3 c6 5.Qd2 b5 6.O-O-O Nd7 7.Nf3 Qa5 8.Kb1 Nb6
9.Bd3 Bg4 10.h3 Bxf3 11.gxf3 Rb8 12.f4 b4 13.Ne2 c5 14.Nc1 c4 15.Be2 Nf6
16.f3 O-O 17.Qe1 Rfc8 18.f5 Na4 19.Ka1 Nxb2 20.Kxb2 Qa3+ 21.Kb1 Qxe3 22.fxg6 hxg6
23.Rg1 Qa3 24.Bxc4 Rxc4 25.Rd3 Rc3 26.e5 Rxd3 27.cxd3 Nd5 28.e6 Nc3+ 29.Kc2 Qa4+
30.Kb2 Qa3+ 31.Kc2 Na4 32.exf7+ Kf8 33.Qe6 Qb2+  0-1

[Event "4th Open A"]
[Site "Moscow RUS"]
[Date "2008.02.09"]
[Round "8"]
[White "Sitnikov,A"]
[Black "Orlinkov,M"]
[Result "1-0"]
[WhiteElo "2450"]
[BlackElo "2384"]

1.e4 g6 2.d4 Bg7 3.Nc3 d6 4.Be3 b6 5.g4 c5 6.d5 a6 7.a4 Ra7 8.h3 e6 9.Nge2 Nf6
10.dxe6 Bxe6 11.Bg2 O-O 12.O-O Nc6 13.Qd2 h5 14.g5 Nd7 15.f4 Bc4 16.Rf2 Nb4
17.Rd1 Re8 18.b3 Bxe2 19.Nxe2 Nf8 20.f5 Be5 21.Nf4 d5 22.c3 Rd7 23.exd5 Nc6
24.fxg6 fxg6 25.Nd3 Na5 26.Nxe5 Rxe5 27.Rff1 Nh7 28.Qd3 Qe8 29.Bf4 Nc6 30.Qxa6 Nd8
31.Bxe5 Qxe5 32.Qxb6 Qxg5 33.Qxc5  1-0

[Event "10th TCh-Euro sen"]
[Site "Dresden GER"]
[Date "2008.02.11"]
[Round "1"]
[White "Eskandary,J"]
[Black "Trapl,J"]
[Result "0-1"]
[WhiteElo "2102"]
[BlackElo "2337"]

1.e4 g6 2.Nc3 Bg7 3.d4 d6 4.Be3 a6 5.Qd2 Nd7 6.f3 b5 7.Nh3 Bb7 8.Nf2 e6 9.Be2 h6
10.O-O Ne7 11.a4 b4 12.Na2 a5 13.c3 bxc3 14.Nxc3 c6 15.Rfb1 Ba6 16.Bxa6 Rxa6
17.b4 axb4 18.Rxb4 d5 19.Rab1 c5 20.dxc5 Nc6 21.exd5 Nxb4 22.Rxb4 exd5 23.Nxd5 Nf6
24.Nxf6+ Bxf6 25.Rb6 Qxd2 26.Bxd2 Rxa4 27.Ne4 Bd4+ 28.Kf1 O-O 29.Rb4 Rxb4
30.Bxb4 Rb8 31.Bd2 f5 32.Nc3 Kg7 33.c6 Rc8 34.Nb5 Bb6 35.Bc3+ Kh7 36.c7 Bxc7
37.Nxc7 Rxc7 38.Be5 Rc2 39.h4 g5 40.hxg5 hxg5 41.Bd6 Kg6 42.Kg1 Kf6 43.Kf1 Ke6
44.Bb8 Kd5 45.Ba7 Ke6 46.Bd4 Kf7 47.Be5 Kg6 48.Kg1 Kh5 49.Kh2 Rc1 50.Kg3 Rf1
51.Bd6 f4+ 52.Kh2 Kg6 53.Bc7 Kf5 54.g4+ Ke6 55.Kg2 Rd1 56.Ba5 Rd5 57.Bb6 Kd7
58.Kf2 Kc6  0-1

[Event "10th TCh-Euro sen"]
[Site "Dresden GER"]
[Date "2008.02.11"]
[Round "1"]
[White "Postler,R"]
[Black "Grabitz,G"]
[Result "1-0"]
[WhiteElo "2304"]
[BlackElo "2081"]

1.e4 g6 2.d4 Bg7 3.Nc3 d6 4.Be3 a6 5.Qd2 b5 6.f3 Nd7 7.Nge2 Bb7 8.a4 b4 9.Nd1 a5
10.c3 c5 11.Nc1 Ngf6 12.Bb5 O-O 13.O-O Ba6 14.Bxa6 Rxa6 15.Qe2 Ra8 16.Nb3 cxd4
17.cxd4 Qb8 18.Nf2 e5 19.d5 Nh5 20.Rfc1 Nf4 21.Qd2 Rc8 22.Nd3 Nxd3 23.Qxd3 Bf6
24.Rc6 Bd8 25.Rac1 Nb6 26.Qb5 Rxc6 27.Rxc6 Nc8 28.Qxb8 Rxb8 29.Ra6 Bb6 30.Bxb6 Nxb6
31.Nxa5 b3 32.Nc6 Rb7 33.a5 Nc4 34.Ra8+ Kg7 35.a6 Rb6 36.a7 Ra6 37.Rb8  1-0

[Event "FSGM February"]
[Site "Budapest HUN"]
[Date "2008.02.12"]
[Round "11"]
[White "Bui Vinh"]
[Black "Rajlich,I"]
[Result "0-1"]
[WhiteElo "2482"]
[BlackElo "2437"]

1.d4 g6 2.e4 Bg7 3.Nc3 d6 4.Be3 Nc6 5.d5 Nb8 6.Nf3 a6 7.Be2 c5 8.a4 Bg4 9.Nd2 Bxe2
10.Qxe2 Nd7 11.O-O Ngf6 12.Nc4 O-O 13.a5 Ne8 14.Na4 Rb8 15.c3 Ne5 16.Nxe5 Bxe5
17.Nb6 Bg7 18.f4 Nf6 19.Bf2 e6 20.Bh4 Qc7 21.Bxf6 Bxf6 22.dxe6 fxe6 23.Qg4 Rbe8
24.Rad1 Bg7 25.h4 Qc6 26.Qe2 d5 27.e5 c4 28.Kh2 Qb5 29.Ra1 Rf7 30.g3 Qc5
31.Kg2 h6 32.Qg4 Kh7 33.h5 gxh5 34.Qxh5 Ref8 35.Qe2 Rg8 36.Kh3 Bf8 37.Rf3 Qb5
38.b4 Qe8 39.Kg2 Rf5 40.Rh1 Rg4 41.Qe3 h5 42.Rh3 Bh6 43.Kf2 h4 44.Rxh4 Rxh4
45.gxh4 Qe7 46.Ke2 Qxh4 47.Nd7 Rxf4 48.Rxf4 Bxf4 49.Qf3 Kg6 50.Qg2+ Kf5 51.Qf3 Qh2+
52.Kf1 Qg3 53.Qh5+ Bg5 54.Qh7+ Kg4 55.Qg6 Qd3+ 56.Qxd3 cxd3 57.Ke1 Be3 58.Kd1 Kf5
59.Ke1 Ke4 60.Kd1 Kf4 61.Ke1 Kf5 62.Kd1 Kg6 63.Nf6 Kf7 64.Ng4 Bf4 65.Nf2 Bxe5
66.Kd2 Bg7 67.Nxd3 Bf8 68.Ne5+ Ke8 69.Kd3 Bg7 70.Ng4 Kd7 71.c4 Kc6 72.Ne3 Bh6
73.cxd5+ exd5 74.Nf5 Bg5 75.Nd4+ Kd6 76.b5 Bd8 77.bxa6 bxa6 78.Nb3 Bf6 79.Ke3 Be5
80.Kf3 Kc6 81.Ke3 Bg7 82.Kd3 Kb5 83.Ke3 Kb4  0-1

[Event "10th TCh-Euro sen"]
[Site "Dresden GER"]
[Date "2008.02.15"]
[Round "5"]
[White "Eskandary,J"]
[Black "Akvist,H"]
[Result "0-1"]
[WhiteElo "2102"]
[BlackElo "2178"]

1.e4 d6 2.Nc3 g6 3.d4 Bg7 4.Be3 c6 5.Qd2 Nd7 6.f3 b5 7.Nh3 Nb6 8.Nf2 b4 9.Ncd1 a5
10.a3 bxa3 11.Rxa3 a4 12.Be2 Ba6 13.Bxa6 Rxa6 14.Qb4 Qa8 15.Nc3 Nf6 16.O-O O-O
17.Rfa1 Rb8 18.Ncd1 Nfd7 19.b3 Nd5 20.Qd2 Nxe3 21.Nxe3 axb3 22.Rxa6 Qxa6
23.Rxa6 b2 24.Rxc6 b1=Q+ 25.Nfd1 Qa1 26.c3 Bh6 27.Kf2 Rb1 28.Kg3 Qa5 29.Qd3 Ra1
30.Nd5 Kg7 31.Nb4 Qg5+ 32.Kf2 Qh4+ 33.Ke2 Qxh2 34.Ne3 Qg1 35.Nbc2 Ra2 36.Qc4 Rxc2+
37.Nxc2 Qxg2+ 38.Ke1 Qxc2 39.Ra6 Bf4 40.Ra2 Qb1+ 41.Ke2 Nf6 42.Kf2 Nh5 43.Qe2 Ng3
44.Qc4 Qh1  0-1

[Event "10th TCh-Euro sen"]
[Site "Dresden GER"]
[Date "2008.02.16"]
[Round "6"]
[White "Postler,R"]
[Black "Szenetra,W"]
[Result "1-0"]
[WhiteElo "2304"]
[BlackElo "2291"]

1.e4 g6 2.d4 d6 3.Nc3 Bg7 4.Nf3 a6 5.Bd3 Bg4 6.Be3 Nc6 7.Be2 e5 8.d5 Bxf3
9.Bxf3 Nce7 10.g4 Nf6 11.h3 c5 12.dxc6 bxc6 13.g5 Nh5 14.Bxh5 gxh5 15.Qf3 Rb8
16.O-O-O Qa5 17.a3 Ng6 18.Rxd6 Bf8 19.Rhd1 Bxd6 20.Rxd6 O-O 21.Rxc6 h4 22.Qf6 Rfc8
23.Rxc8+ Rxc8 24.Bb6  1-0

[Event "ch-IRI w"]
[Site "Tehran IRI"]
[Date "2008.02.16"]
[Round "1"]
[White "Pourkashiyan,A"]
[Black "Hemmatizadeh,N"]
[Result "1-0"]
[WhiteElo "2282"]
[BlackElo "1915"]

1.e4 d6 2.d4 g6 3.Nc3 Bg7 4.f4 Nf6 5.Nf3 O-O 6.Bd3 c6 7.O-O Bg4 8.h3 Bxf3
9.Qxf3 Nbd7 10.e5 Ne8 11.Be3 Nc7 12.Rae1 Nb6 13.Ne4 dxe5 14.fxe5 Ne6 15.Qf2 Nd5
16.c3 f6 17.exf6 exf6 18.Bc1 f5 19.Nd2 Qf6 20.Nf3 Kh8 21.Ne5 Rad8 22.Re2 Ng5
23.Rfe1 Nf7 24.Nc4 Rd7 25.Re6 Qd8 26.Qe2 Nc7 27.Re7 Bf6 28.Rxd7 Qxd7 29.Kh1 Re8
30.Qf2 Rxe1+ 31.Qxe1 c5 32.Be3 cxd4 33.Bxd4 Bxd4 34.cxd4 Ne6 35.Ne5 Nxe5
36.Qxe5+ Ng7 37.Bb5 Qc8 38.d5 Kg8 39.d6 Qd8 40.d7 a6 41.Bc4+ Kh8 42.Qd5  1-0

[Event "TCh-HUN 2007-8"]
[Site "Budapest HUN"]
[Date "2008.02.17"]
[Round "6"]
[White "Balogh,V"]
[Black "Veszpremi,A"]
[Result "1/2-1/2"]
[WhiteElo "2256"]
[BlackElo "2156"]

1.e4 g6 2.d4 Bg7 3.Nc3 d6 4.Be3 Nf6 5.h3 O-O 6.f4 Nbd7 7.Qf3 e5 8.fxe5 dxe5
9.d5 Ne8 10.g4 Nd6 11.O-O-O a6 12.Bd3 Qf6 13.Qg2 Qe7 14.g5 f5 15.gxf6 Nxf6
16.Bg5 Bd7 17.h4 h6 18.Bd2 Ng4 19.Nf3 Rf7 20.Rdf1 Raf8 21.Rh3 Qd8 22.Rg3 Qc8
23.Nd1 b5 24.h5 g5 25.Rg1 c5 26.dxc6 Qxc6 27.Nc3 Be6 28.Re1  1/2-1/2

[Event "TCh-HUN 2007-8"]
[Site "Budapest HUN"]
[Date "2008.02.17"]
[Round "6"]
[White "Torok,S"]
[Black "Sax,G"]
[Result "1/2-1/2"]
[WhiteElo "2280"]
[BlackElo "2508"]

1.e4 g6 2.d4 Bg7 3.Nc3 d6 4.f4 a6 5.Nf3 b5 6.Bd3 Bb7 7.O-O Nd7 8.f5 gxf5
9.Qe1 c5 10.Qg3 Bf6 11.e5 dxe5 12.dxe5 Nxe5 13.Nxe5 Qd4+ 14.Be3 Qxe5 15.Qxe5 Bxe5
16.Bxc5 Rc8 17.Bb4 Nh6 18.Rae1 Bd4+ 19.Kh1 e6 20.Rf4 Bb6 21.Nxb5 axb5 22.Bxb5+ Kd8
23.Rd1+ Bd5 24.c4 Rg8 25.h3 Rg6 26.a4 Ng4 27.cxd5 e5 28.Rxf5 Nf2+ 29.Rxf2 Bxf2
30.d6 Bb6 31.a5 Bc5 32.d7 Rc7 33.Bc3 Bd4 34.Bxd4 exd4 35.Rxd4 Rc1+ 36.Kh2 Rc2  1/2-1/2

[Event "XXIV Open"]
[Site "Cappelle La Grande FRA"]
[Date "2008.02.17"]
[Round "2"]
[White "Shengelia,D"]
[Black "Royer,S"]
[Result "1-0"]
[WhiteElo "2568"]
[BlackElo "2250"]

1.d4 g6 2.e4 Bg7 3.Nc3 d6 4.Be3 Nf6 5.f3 a6 6.Qd2 b5 7.Bh6 Bxh6 8.Qxh6 c5
9.dxc5 dxc5 10.e5 b4 11.Na4 Nd5 12.Bc4 Nb6 13.Rd1 Qc7 14.Nxb6 Qxb6 15.Qg7 Rf8
16.Qxh7 Be6 17.Qh4 Qc6 18.Bxe6 Qxe6 19.Qe4 Nc6 20.Ne2 Rc8 21.Rd5 f5 22.exf6 Rxf6
23.Rxc5 Qxa2 24.O-O Re6 25.Qg4 Rd8 26.b3 Rf6 27.Qc4 Rdd6 28.Ng3 Rd4 29.Qg8+ Kd7
30.Qa8  1-0

[Event "XXIV Open"]
[Site "Cappelle La Grande FRA"]
[Date "2008.02.17"]
[Round "2"]
[White "Tomczak,J"]
[Black "Burmakin,V"]
[Result "1/2-1/2"]
[WhiteElo "2433"]
[BlackElo "2611"]

1.e4 d6 2.d4 g6 3.Nc3 Bg7 4.f4 a6 5.Nf3 b5 6.Bd3 Bb7 7.e5 c5 8.dxc5 dxe5
9.fxe5 Nd7 10.e6 fxe6 11.Be3 Qc7 12.O-O Ngf6 13.Ng5 O-O 14.Rf2 Qc6 15.Qe2 Ne5
16.h3 b4 17.Nce4 Nxd3 18.cxd3 Nxe4 19.Nxe4 Rxf2 20.Qxf2 Qd5 21.Rd1 Rf8 22.Qh4 Qh5
23.Qxh5 gxh5 24.Rd2 Bd5 25.b3 a5 26.Rc2 Bc6 27.Ng5 Rd8 28.Nxe6 Rxd3 29.Nxg7 Rxe3
30.Nf5 Re4 31.Rd2 Kf7 32.Rd8 Re2 33.Nd4 Rxg2+ 34.Kf1 Rg6 35.Nxc6 Rxc6 36.Rd5 h4
37.Ke2 e6 38.Rh5 Kg6 39.Re5 Kf6 40.Rh5 Kg6 41.Re5 Kf6  1/2-1/2

[Event "10th TCh-Euro sen"]
[Site "Dresden GER"]
[Date "2008.02.17"]
[Round "7"]
[White "Pape,M"]
[Black "Malmdin,N"]
[Result "0-1"]
[WhiteElo "2240"]
[BlackElo "2268"]

1.d4 g6 2.e4 Bg7 3.Nc3 d6 4.Be2 a6 5.Be3 b5 6.Qd2 Bb7 7.f3 Nd7 8.Nh3 Rc8
9.Nf2 c5 10.O-O cxd4 11.Bxd4 Ngf6 12.a4 b4 13.Na2 a5 14.c3 Nc5 15.Bb5+ Bc6
16.Bxc6+ Rxc6 17.Bxc5 dxc5 18.Qxd8+ Kxd8 19.cxb4 axb4 20.Rac1 Kc7 21.e5 Nd5
22.Nd3 Kb6 23.b3 Rd8 24.Nb2 Ne3 25.f4 Nxf1 26.Kxf1 Bh6 27.g3 g5 28.f5 g4
29.Rc2 Rc7 30.Nc1 Rcd7 31.Nc4+ Ka6 32.Ke2 Rd5 33.Kf2 f6 34.Ke2 Bg5 35.Na2 h5
36.Nc1 Rd1 37.Ne3 Rh1 38.Nf1 Rxf1  0-1

[Event "ch-IRI w"]
[Site "Tehran IRI"]
[Date "2008.02.17"]
[Round "2"]
[White "Hakimifard,G"]
[Black "Hemmatizadeh,N"]
[Result "1-0"]
[WhiteElo "2066"]
[BlackElo "1915"]

1.e4 d6 2.d4 g6 3.Nc3 Bg7 4.f4 a6 5.a4 b6 6.Nf3 e6 7.Bd3 Ne7 8.O-O Bb7 9.Qe1 O-O
10.f5 exf5 11.exf5 Nxf5 12.Bxf5 gxf5 13.Bg5 Qe8 14.Qd2 Nc6 15.Nd5 f6 16.Nxc7 Qf7
17.Nxa8 fxg5 18.d5 g4 19.dxc6 Bxa8 20.Nd4 Qd5 21.Rad1 Bxc6 22.Nxc6 Qxc6 23.c3 Qxa4
24.Qxd6 Qb5 25.Rd2 Be5 26.Qd5+ Qxd5 27.Rxd5 Bc7 28.Rfxf5 Rxf5 29.Rxf5 h6
30.Rd5 Bf4 31.b4 Kg7 32.g3 Be3+ 33.Kf1 Kf6 34.Rd3 Bg5 35.Rd6+ Ke5 36.Rxb6 Bd2
37.Rc6 Kd5 38.Rxa6 Bxc3 39.Rxh6 Bxb4 40.Rh4 Ke5 41.Rxg4 Bd6 42.Rg6 Be7 43.h4 Kf5
44.h5 Bg5 45.Rxg5+ Kxg5 46.g4 Kh6 47.Kg2 Kg5 48.Kf3 Kh6 49.Kf4 Kh7 50.g5 Kg7
51.Kf5 Kf7 52.h6 Kg8 53.Ke6 Kh7 54.Kf6 Kg8 55.g6 Kh8 56.g7+  1-0

[Event "XXIV Open"]
[Site "Cappelle La Grande FRA"]
[Date "2008.02.18"]
[Round "3"]
[White "Hess,Ro"]
[Black "Andreasen,P"]
[Result "1-0"]
[WhiteElo "2445"]
[BlackElo "2207"]

1.e4 g6 2.d4 Bg7 3.Nc3 d6 4.Be3 a6 5.h4 h5 6.Qd2 b5 7.Nh3 Bb7 8.Ng5 Nd7 9.O-O-O Rc8
10.f4 Nh6 11.e5 Nb6 12.f5 gxf5 13.e6 f6 14.Be2 fxg5 15.Bxh5+ Kf8 16.hxg5 Nc4
17.Qf2 Nxe3 18.Qxe3 c5 19.dxc5 Qa5 20.cxd6  1-0

[Event "XXIV Open"]
[Site "Cappelle La Grande FRA"]
[Date "2008.02.18"]
[Round "4"]
[White "Smith,Ax"]
[Black "Andreasen,P"]
[Result "1-0"]
[WhiteElo "2458"]
[BlackElo "2207"]

1.d4 g6 2.e4 Bg7 3.Nc3 d6 4.f4 c6 5.Nf3 Bg4 6.Be3 Qb6 7.Qd2 Bxf3 8.gxf3 Nd7
9.O-O-O Qa5 10.Rg1 b5 11.Kb1 Nb6 12.a3 Rb8 13.Rg5 Bh6 14.Rg2 Nf6 15.d5 Nc4
16.Bxc4 bxc4 17.Ka2 c5 18.e5 Nh5 19.f5 Bg7 20.f6 exf6 21.Ne4 Qxd2 22.Nxd6+ Kd7
23.Rgxd2 fxe5 24.Bxc5 f5 25.Nxc4  1-0

[Event "10th TCh-Euro sen"]
[Site "Dresden GER"]
[Date "2008.02.18"]
[Round "8"]
[White "Mueller,Ru"]
[Black "Rost van Tonningen,O"]
[Result "1-0"]
[WhiteElo "2210"]
[BlackElo "2061"]

1.e4 g6 2.d4 Bg7 3.Nc3 d6 4.Be2 a6 5.h4 h5 6.Nh3 Nh6 7.Bg5 f6 8.Be3 Ng4 9.Qd2 c6
10.Nf4 Nxe3 11.Qxe3 Bh6 12.Qg3 Bxf4 13.Qxf4 e5 14.Qg3 Kf7 15.O-O-O Qe7 16.dxe5 dxe5
17.Rhf1 Kg7 18.f4 exf4 19.Qxf4 Be6 20.e5 f5 21.Rd6 Nd7 22.Rfd1 Nb6 23.Qb4 Nd5
24.Nxd5 cxd5 25.c4 Rac8 26.Kb1 Rhd8 27.cxd5 Qc7 28.Bc4 Bxd5 29.R1xd5 Rxd6
30.exd6  1-0

[Event "1st Pfalz Open"]
[Site "Neustadt a.d. Weinstrasse GER"]
[Date "2008.02.18"]
[Round "3"]
[White "Dgebuadze,A"]
[Black "Frick,C"]
[Result "1-0"]
[WhiteElo "2512"]
[BlackElo "2271"]

1.d4 g6 2.e4 Bg7 3.Nc3 d6 4.Be3 a6 5.h4 Nf6 6.Be2 h5 7.Nh3 Ng4 8.Bg5 Nc6
9.f3 Nh6 10.Be3 e5 11.dxe5 Bxh3 12.Rxh3 dxe5 13.Nd5 Qd6 14.Qd2 O-O-O 15.O-O-O Nd4
16.c3 Nxe2+ 17.Qxe2 Kb8 18.Rhh1 Qc6 19.Rd3 f6 20.Rhd1 Nf7 21.Bg1 Nd6 22.Qf2 b6
23.Nxb6 Rde8 24.Nd5 Nc4  1-0

[Event "1st Pfalz Open"]
[Site "Neustadt a.d. Weinstrasse GER"]
[Date "2008.02.18"]
[Round "3"]
[White "Feibert,F"]
[Black "Kopylov,M"]
[Result "0-1"]
[WhiteElo "2256"]
[BlackElo "2457"]

1.d4 g6 2.e4 Bg7 3.Nc3 d6 4.Be3 a6 5.Nf3 b5 6.Bd3 Bb7 7.O-O Nd7 8.d5 Ngf6
9.Nd4 Ne5 10.h3 c5 11.dxc6 Nxc6 12.a3 O-O 13.Nxc6 Bxc6 14.Qd2 d5 15.exd5 Nxd5
16.Be4 Nxc3 17.Bxc6 Qxd2 18.Bxd2 Ne2+ 19.Kh1 Rac8 20.Bb7 Rxc2 21.Bb4 Rb8
22.Be4 Rxb2 23.Rae1 Bc3  0-1

[Event "10th TCh-Euro sen"]
[Site "Dresden GER"]
[Date "2008.02.19"]
[Round "9"]
[White "Kuehn,Pe2"]
[Black "Lehtosaari,K"]
[Result "0-1"]
[WhiteElo "2038"]
[BlackElo "2042"]

1.e4 g6 2.d4 Bg7 3.Nc3 d6 4.f4 e5 5.Nf3 exd4 6.Nxd4 Nc6 7.Nxc6 bxc6 8.Be2 Qh4+
9.g3 Qe7 10.O-O Nf6 11.Bf3 O-O 12.e5 dxe5 13.Bxc6 Qc5+ 14.Rf2 Qxc6 15.fxe5 Ng4
16.Rd2 Nxe5 17.Nd5 Qc5+ 18.Kg2 Bg4  0-1

[Event "10th TCh-Euro sen"]
[Site "Dresden GER"]
[Date "2008.02.19"]
[Round "9"]
[White "Crombleholme,A"]
[Black "Gollasch,T"]
[Result "1/2-1/2"]
[WhiteElo "2101"]
[BlackElo "2091"]

1.d4 g6 2.e4 Bg7 3.Nc3 d6 4.Be3 Nf6 5.f3 O-O 6.Qd2 b6 7.Nge2 d5 8.e5 Ne8
9.Ng3 f6 10.exf6 exf6 11.O-O-O c6 12.h4 f5 13.h5 Qf6 14.Bf4 Nd7 15.h6 Bh8
16.Be2 Qd8 17.Bg5 Bf6 18.Bxf6 Ndxf6 19.Qg5 Nd6 20.Bd3 Nf7 21.Qd2 Qd6 22.Nce2 a5
23.c3 Bd7 24.Qf4 Rae8 25.Qxd6 Nxd6 26.Kd2 Re7 27.Bc2 Kf7 28.Nf4 Nc4+ 29.Kc1 Ne3
30.Rd2 Nxc2 31.Kxc2 Ng8 32.Nd3 Ke6 33.Re2+ Kd6 34.Rxe7 Kxe7 35.Ne2 Kd6 36.Ne5 Be8
37.Nf4 Rf6 38.Nh3 Re6 39.Nf4 Rf6 40.Nh3  1/2-1/2

[Event "10th TCh-Euro sen"]
[Site "Dresden GER"]
[Date "2008.02.19"]
[Round "9"]
[White "Svensson,L"]
[Black "Nautsch,W"]
[Result "0-1"]
[WhiteElo "2179"]
[BlackElo "2290"]

1.d4 d6 2.e4 g6 3.Nc3 Bg7 4.Be3 Nf6 5.Be2 O-O 6.g4 e5 7.g5 Nfd7 8.Nf3 Nc6
9.h4 exd4 10.Nxd4 Nb6 11.Qd2 Ne5 12.O-O-O Nbc4 13.Bxc4 Nxc4 14.Qe2 Nxe3 15.Qxe3 c6
16.Nde2 Re8 17.Qg3 Qa5 18.h5 b5 19.hxg6 hxg6 20.Qxd6 b4 21.Qxc6 Be6 22.Qb5 Qxb5
23.Nxb5 Bg4 24.Rhe1 Rxe4 25.Ng3 Re5 26.Rxe5 Bxe5 27.Re1 Bf4+ 28.Kb1 Bd7 29.Nd4 Bxg5
30.Ne4 Bh4 31.Nf3 Be7 32.Ne5 Be6 33.Nc6 Bf8 34.Nd4 Be7 35.Nxe6 fxe6 36.c4 bxc3
37.Nxc3 Kf7 38.Nb5 Rd8 39.Re2 Bc5 40.Nc3 Rd4 41.Ne4 Be7 42.b3 e5 43.Kc2 Ke6
44.f3 Kf5 45.Nd2 Kf4 46.Rh2 Bb4 47.Rh4+ Kg3 48.Rxd4 exd4 49.Ne4+ Kxf3 50.Kd3 Bc3
51.b4 Bxb4 52.Kxd4 Kf4 53.Nf6 Bf8 54.Nd5+ Kf3 55.Ke5 Bg7+ 56.Ke6 g5 57.Kf5 g4  0-1

[Event "XXIV Open"]
[Site "Cappelle La Grande FRA"]
[Date "2008.02.20"]
[Round "6"]
[White "Plachetka,J"]
[Black "Roberts,P"]
[Result "1/2-1/2"]
[WhiteElo "2400"]
[BlackElo "2168"]

1.e4 g6 2.d4 Bg7 3.Nc3 d6 4.Be3 a6 5.f4 b5 6.a3 Bb7 7.Nf3 Nd7 8.Qd2 c5 9.dxc5 Nxc5
10.e5 Ne4 11.Nxe4 Bxe4 12.Ng5 Bf5 13.O-O-O Rc8 14.Bd3 dxe5 15.Qe2 Qc7 16.Bxf5 gxf5
17.Rd5 e6 18.Rc5 Qb7 19.Rxc8+ Qxc8 20.Qh5 Qd7 21.fxe5 Bxe5 22.Rd1 Nf6 23.Qe2 Nd5
24.Bd4 Bxd4 25.Rxd4 Qe7 26.Nf3 Rg8 27.g3 Rg4 28.Qe5 Rxd4 29.Nxd4 Qg5+ 30.Kb1 Qf6
31.Qb8+ Qd8 32.Qe5 Qf6 33.Qb8+ Qd8 34.Qb7 Qb6 35.Qc8+ Ke7 36.c3 Nc7 37.Qh8 Qb7
38.Qxh7 Qh1+ 39.Kc2 Qg2+ 40.Kc1 Qg1+ 41.Kc2 Qg2+ 42.Kb1 Qh1+ 43.Ka2 Qd5+
44.Nb3 Qc4 45.Qh8 Nd5 46.Qd4 Qxd4 47.Nxd4 f4 48.gxf4 Nxf4 49.Kb3 e5 50.Nf5+ Ke6
51.Ne3 Nd3 52.c4 bxc4+ 53.Kc3 f5 54.b4 e4 55.Nxc4 Kd5 56.Ne3+ Ke5 57.a4 f4
58.Nc4+ Kd5 59.h4 Nf2 60.h5 Ng4 61.b5 axb5 62.axb5 Kc5 63.b6 Kc6 64.Kd4 f3
65.Kxe4 Nf6+ 66.Kxf3 Nxh5 67.Ke4  1/2-1/2

[Event "XXIV Open"]
[Site "Cappelle La Grande FRA"]
[Date "2008.02.22"]
[Round "8"]
[White "Khruschiov,A"]
[Black "Buchal,S"]
[Result "1/2-1/2"]
[WhiteElo "2504"]
[BlackElo "2296"]

1.e4 g6 2.d4 Bg7 3.Nc3 d6 4.f4 Nf6 5.Nf3 c5 6.Bb5+ Bd7 7.Bxd7+ Nfxd7 8.d5 b5
9.Nxb5 Qa5+ 10.Nc3 Bxc3+ 11.bxc3 Qxc3+ 12.Bd2 Qc4 13.Qe2 Nb6 14.Qxc4 Nxc4
15.Bc3 O-O 16.O-O-O Nd7 17.Rhe1 e5 18.dxe6 fxe6 19.g3 Rab8 20.Nd2 Ndb6 21.Nb3 Rf7
22.Rd3 Na4 23.Ba1 Rd7 24.Red1 Rbd8 25.Bf6 Rf8 26.Ba1 Rfd8 27.Nd2 Nab6 28.Bf6 Rb8
29.Nb3 Rc8 30.Re1 a5 31.g4 a4 32.Nd2 Nxd2 33.Kxd2 d5 34.exd5 exd5 35.Rb1 Rc6
36.g5 d4 37.Rb5 Kf7 38.h4 Ke6 39.Kc1 Nd5 40.Ra5 Nxf4 41.Rd2 Nd5 42.Re2+ Kf5
43.Rf2+ Kg4 44.Rxa4 Nc3 45.Ra3 Rb6 46.Rb3 Nxa2+ 47.Kb2 Rxb3+ 48.Kxb3 Nc3
49.Kc4 Ne4 50.Re2 Kf3 51.Re1 Rb7 52.Kd5 Rd7+ 53.Kc4 Rb7 54.Kd5 Rd7+ 55.Kc4  1/2-1/2

[Event "25th Festival Open A"]
[Site "Bled SLO"]
[Date "2008.02.23"]
[Round "1"]
[White "Jeran,B"]
[Black "Skoberne,J"]
[Result "0-1"]
[WhiteElo "2173"]
[BlackElo "2484"]

1.e4 d6 2.d4 g6 3.Nc3 Bg7 4.Be3 a6 5.a4 b6 6.g3 Bb7 7.Bg2 Nf6 8.h3 O-O 9.Nge2 c5
10.O-O Qc8 11.d5 Nbd7 12.Qd2 Re8 13.g4 Qc7 14.g5 Nh5 15.f4 Rad8 16.Bf3 e6
17.Rae1 exd5 18.exd5 Bxc3 19.Qxc3 b5 20.a5 b4 21.Qd2 Ng7 22.Ng3 Qxa5 23.Ne4 Nf5
24.Bf2 c4 25.Nf6+ Nxf6 26.gxf6 Qb5 27.Be4 Rxe4 28.Rxe4 Bxd5 29.Re7 Ba8 30.Kh2 Qc6
31.Ba7 Nxe7 32.fxe7 Re8 33.Re1 Qb7 34.Bd4 Rxe7 35.Rxe7 Qxe7 36.Qf2 f6 37.h4 Kf7
38.f5 a5 39.fxg6+ hxg6 40.Bxf6 Qxf6 41.Qa7+ Qe7 42.Qxa8 Qxh4+ 43.Kg2 Qg4+
44.Kf2 Qe6 45.Qa7+ Kg8 46.Kg3 Qe5+ 47.Kg4 Qf5+ 48.Kg3 Qxc2 49.Qxa5 Qd3+ 50.Kh2 Qe2+
51.Kg1 Qg4+  0-1